000 00477nam a2200193Ia 4500
003 OSt
005 20250930143802.0
008 250729s2005 xx 000 0 und d
020 _a978-8171690657
040 _cAL
041 _aeng
082 _a370.78 SINS
100 _aSingh Hemlatha
_9222882
245 _aScientific temper and education
260 _aNew Delhi
_bCommonwealth Publishers
_c2005
300 _a221p
650 _aEducation
_9222883
942 _2ddc
_cBED
999 _c235652
_d235652